Η πληροφορική και το διαδίκτυο στο μάρκετινγκ : πτυχιακή εργασία
Αποθηκεύτηκε σε:
| Κύριος συγγραφέας: | |
|---|---|
| Άλλοι συγγραφείς: | |
| Μορφή: | Thesis Βιβλίο |
| Γλώσσα: | Greek |
| Δημοσίευση: |
2005
|
| Θέματα: | |
| Ετικέτες: |
Προσθήκη ετικέτας
Δεν υπάρχουν, Καταχωρήστε ετικέτα πρώτοι!
|
MARC
| LEADER | 00000cam a2200000 i 4500 | ||
|---|---|---|---|
| 001 | 1/81933 | ||
| 008 | 050721s2005 gre d | ||
| 035 | |l 10079395 | ||
| 040 | |a GR-MY-UA |b gre |e aacr | ||
| 041 | 0 | |a gre | |
| 082 | 0 | |a 658.4038 |2 (22) | |
| 100 | 1 | |a Φοίβου, Φοίβος. | |
| 245 | 1 | 2 | |a Η πληροφορική και το διαδίκτυο στο μάρκετινγκ : |b πτυχιακή εργασία / |c Φοίβου Φοίβος ; επιβλέπων καθηγητής Ευάγγελος Σ. Χρήστου |
| 260 | |c 2005 | ||
| 300 | |a 142 σ.; |b διαγρ.; |c 30 εκ. | ||
| 502 | # | # | |a Πτυχιακή εργασία – Πανεπιστήμιο Αιγαίου, Χίος, 2005. |
| 504 | |a Περιλαμβάνει βιβλιογραφία | ||
| 610 | 2 | 0 | |a Πανεπιστήμιο Αιγαίου. |
| 650 | 0 | 0 | |a Management information systems. |
| 650 | 0 | 0 | |a Marketing |x Decision making. |
| 650 | 0 | 0 | |a Dissertations, Academic |z Greece. |
| 700 | 1 | |4 ths |a Χρήστου, Ευάγγελος Σ. | |
| 852 | |a INST |b CHIOS |c DIATR |e 20050721 |h 658.4038 ΦΟΙ |p 005200024862 |q 005200024862 |t DIE |y 23 | ||
| 852 | |a INST |b CHIOS |c DIATR |e 20050721 |h 658.4038 ΦΟΙ |p 005200024863 |q 005200024863 |t DIE |y 23 | ||
| 901 | |a BIBL2-2005-2 | ||
| 909 | |a Χ |b 119463 | ||
| 909 | |a Χ |b 119464 | ||
| 924 | |a ΦΟΙΒΟΥ |b ΦΟΙΒΟΣ |y ΧΙΟΣ |z 2005-01 | ||
| 970 | |a ΒΑΣΙΛΑΚΗ |b ΝΙΚΗ |z 2005/07/21 | ||